Регионална библиотека "Любен Каравелов" - Русе

Училището не любимо (Запис номер 153307)

MARC детайли
000 -Лидер
Контролно поле с фиксирана дължина 01917nam a2200397 c 4500
003 - Код на организацията, давaща контролен номер
Контролно поле BLK
005 - Дата и час на последна редакция
Контролно поле 20190211173224.0
008 - Елементи от данни с фиксирана дължина
fixed length control field 180410b bul|||||r ||||||| ||bul||
010 ## - Наследен системен номер
LC control number KNG00159837000
020 ## - Международен стандартен номер на книга ISBN
Международен стандартен номер на книга ISBN 978-954-01-2722-4
-- издат.: Просвета
040 ## - Източник на каталожния запис
Идентификатор на билиотеката - собственик на записа BLK
041 ## - Код за език
Код за езика на текст/звукозапис или на отделно заглавие Български
Код за езика КДБФ Български
072 #7 - Код за тематичната категория
Код организация bullib
Код за тематична категория Н37
Текст Образование. Педагогика Н
080 ## - УДК
Текстов определител УДК Педагогическа психология
УДК код - определител по УДК 37.015.3
УДК определител
УДК - код + определител 37.015.3
080 ## - УДК
Текстов определител УДК Отношение на родителите към училище - Разговори между учители и родители; родителски срещи, родителски организации. Вж и 37.06
УДК код - определител по УДК 37.018.26
УДК определител
УДК - код + определител 37.018.26
080 ## - УДК
Текстов определител УДК Възпитание у дома. Семейно възпитание
УДК код - определител по УДК 37.018.1
УДК определител
УДК - код + определител 37.018.1
100 1# - Редна дума - Автор
Автор Иванова, Росица Ангелова
Авторска отговорност първи автор
R(LIN) 368031
139 ## - Редно поле
Редна дума Иванова, Росица Ангелова
Авторски знак Иванова - И 22
245 10 - Сведения за заглавието
Заглавие Училището не любимо
Подзаглавни данни През погледа на психолога
Редно поле (дума) Росица Ангелова Иванова.
257 ## - Страна на издаване
Страна на създаване/издаване България
260 ## - Област на издателските данни
-- София
Име на издателя, разпространителя и проч. Просвета
Година на издаване 2012
Печатница София : Монт
300 ## - Физическа характеристика
Страници 280 с.
Размери/Мащаб 20 см
380 ## - Жанр
Жанр Обществени науки
500 ## - Общи забележки
Забележка Загл. на гърба на загл. с.: Училището (не)любимо.
650 #4 - Допълнително описание по предмет – тема
Основно описание – тема или топоним Ученици - психология
9 (RLIN) 258191
650 #4 - Допълнително описание по предмет – тема
Основно описание – тема или топоним Учебно-възпитателна работа - в училищата
9 (RLIN) 275740
650 #4 - Допълнително описание по предмет – тема
Основно описание – тема или топоним Семейно възпитание
9 (RLIN) 263959
653 ## - Ключова дума – ненормативна
Ключова дума педагогическа психология
653 ## - Ключова дума – ненормативна
Ключова дума семейно възпитание
659 ## - Тематичен бюлетин
Тематичен бюлетин Н
852 ## - Местоположение
Форматна сигнатура Цб 268506
856 4# - Електронен адрес и достъп
Електронен формат pdf - файл
Път до файла /url/
856 4# - Електронен адрес и достъп
Електронен формат pdf - файл
Път до файла /url/
942 ## - АРТИКУЛИ
Вид на библиотечния материал Книги
Скрит в OPAC Не
Koha issues (borrowed), all copies 4
944 ## - СЪЗДАВАНЕ И РЕДАКЦИЯ на ЗАПИСА
Създаване/Редакция Създаване
Дата на регистрацията/редакция 17.04.2014
Служител, извършил регистрацията/редакцията Виолета_Тройчева
944 ## - СЪЗДАВАНЕ И РЕДАКЦИЯ на ЗАПИСА
Създаване/Редакция Редакция
Дата на регистрацията/редакция 01.06.2016
Служител, извършил регистрацията/редакцията Геновева_Генчева
999 ## - СИСТЕМНИ КОНТРОЛНИ НОМЕРА
Koha biblionumber 153307
Koha biblioitemnumber 153307
Наличности
Код за отписване Код за изгубен артикул Код за повреда Коз за рестрикции Код за отдаване Артикулен № Име на библиотеката - собственик Име на библиотеката, в която се намира в момента Статус (Текущо местоположение) Дата на вписване в системата Местоположение - отдел Цена в лева Инвентарен номер Систематично азбучна сигнатура Баркод Номер на екземпляра Цена в евро Служебна бележка Служебен тип на артикула Източник на класификационната схема
  Не е изгубен Не е повреден без рестрикции ползва се в читалня 256556 Регионална библиотека "Любен Каравелов" Русе Регионална библиотека "Любен Каравелов" Русе Хранилище 2014-04-25 Хранилище 11.00 120000776959 Цб 268506 120000776959 1 5.62 Дост: Dp Вид: Д N: 23 Дата: 27.05.2013 Книги  
  Не е изгубен Не е повреден без рестрикции заемане за дома 256557 Регионална библиотека "Любен Каравелов" Русе Регионална библиотека "Любен Каравелов" Русе Заемна - подръчен фонд 2016-05-30 Заемна - подръчен фонд 7.70 120000800390 37.015/И 22 Р 120000800390 2 3.94 Дост: Pk Вид: Ф N: 16707 Дата: 27.05.2016 Дата инв: 08.02.2018 Бележки инв: П2018 Книги Universal Decimal Classification
Vip Innovations Ltd, Rousse, Bulgaria 2025